Stres alam sekitar

Bibliographic Details
Main Author: Rosnah Ismail
Format: Book
Published: Kuala Lumpur : Dewan Bahasa dan Pustaka , 2008
Subjects:

MARC

LEADER 00000cam a2200000 7i4500
001 0000022087
005 20080728.0
008 071205
020 |a 9789836283184 
040 |a INS 
090 0 0 |a RA785   |b R67 2008 
100 0 |a Rosnah Ismail 
245 1 0 |a Stres alam sekitar   |c Rosnah Ismail 
260 |a Kuala Lumpur :   |b Dewan Bahasa dan Pustaka ,   |c 2008 
300 |a viii, 58ms. :   |b il.wrn. ;   |c 21cm. 
500 |a Mengandungi indeks 
504 |a Bibliografi: ms.55 
650 0 0 |a Stress (Psychology)   |x Environmental aspects 
650 0 0 |a Stress management 
999 |a 0000020054   |b BOOK   |c Open Shelf   |e Default branch